Sports Quiz

Random Sports Quiz
Score 0/19 Timer 10:00
0 Plays Today
Hint Answer % Correct
إيفرتونواين روني
86%
توتنهام هوتسبيرهاري كين
70%
تشيلسيايدين هازارد
64%
أرسنالجاك ويلشير
60%
ليفربولفيليبي كوتينيو
30%
مانشستر يونايتدزلاتان إبراهيموفيتش
28%
ساوثهامتونتشارلي أوستن
20%
بيرنلياشلي بارنز
18%
مانشستر سيتيكون أجويرو
18%
ليستر سيتياندي كينج
18%
Hint Answer % Correct
برايتونتومير هيميد
16%
ستوك سيتيإريك ماكسيم تشوبو موتينغ
10%
وست هام يونايتدمانويل لانزيني
10%
سوانزي سيتيتامي ابراهام
8%
نيوكاسل يونايتدمحمد ديامي
8%
وست بروميتش ألبيونمات فيليبس
8%
واتفورداسحاق ساكسيس
8%
كريستال بالاساندروس تاونسند
6%
هيديرسفيلد تاونآرون موی
2%
Remove Ads.
Support Sporcle.
Get the best of Sporcle when you Go Orange. This ad-free experience offers more features, more stats, and more fun while also helping to support Sporcle. Thank you for becoming a member.

You're not logged in!

Compare scores with friends on all Sporcle quizzes.
OR
Log In

Show Comments

Extras

Created Sep 18, 2017ReportNominate

Top Quizzes Today


Score Distribution

Your Account Isn't Verified!

In order to create a playlist on Sporcle, you need to verify the email address you used during registration. Go to your Sporcle Settings to finish the process.

Report this User

Report this user for behavior that violates our Community Guidelines.

Details: